El mapa criminal en Colombia (Registro nro. 322574)

Detalles MARC
000 -ENCABEZADO
Número de control [NR] 00888nam a22002177a 4500
005 - FECHA Y HORA DE LA ÚLTIMA TRANSACCIÓN
control field 20230505104357.0
008 - DE LONGITUD FIJA DE DATOS DE ELEMENTOS - INFORMACIÓN GENERAL
Elementos de longitud fija [NR] 230505b ||||| |||| 00| 0 eng d
020 ## - NUMERO INTERNACIONAL NORMALIZADO PARA LIBROS [R]
Número Internacional Normalizado del libro [NR] 9786287539235
040 ## - FUENTE DE CATALOGACION [NR]
Agencia de catalogación original [NR] CO-BoUCM
Quien Cataloga David Moreno
Quien Clasifica David Moreno
041 ## - CODIGO DE IDIOMA [R]
Código de idioma para texto/pista de sonido o título separado [R] Español
100 ## - ASIENTO PRINCIPAL--NOMBRE PERSONAL [NR]
Nombre personal [NR] Ávila, Ariel Fernándo
ID Autoridad 68003
245 13 - MENCION DE TITULO [NR]
Título [NR] El mapa criminal en Colombia
Parte restante del título [NR] la nueva ola de violencia y la paz total
Mención de responsabilidad, etc. [NR] Ariel Ávila ; prólogo de León Valencia
260 ## - PUBLICACION, DISTRIBUCION, ETC. (PIE DE IMPRENTA) [R]
Lugar de publicación, distribución, etc. [R] Bogotá
Nombre del editor, distribuidor, etc. [R] Aguilar
Fecha de publicación, distribución, etc. [R] 2022
300 ## - DESCRIPCION FISICA [R]
Extensión [R] 388 páginas
Otros detalles físicos [NR] tablas, figuras y mapas en blanco y negro
504 ## - NOTA DE BIBLIOGRAFIA, ETC. [R]
Nota de bibliografía, etc. [NR] Incluye referencias bibliográficas e índices
650 ## - ASIENTO SECUNDARIO DE MATERIA - TERMINO TEMATICO [R]
Término temático o nombre geográfico como elemento de entrada [NR] Conflicto armado
Subdivisión geográfica [R] Colombia
Subdivisión cronológica [R] Siglo XXI
9 (RLIN) 177410
650 ## - ASIENTO SECUNDARIO DE MATERIA - TERMINO TEMATICO [R]
Término temático o nombre geográfico como elemento de entrada [NR] Posconflicto
Subdivisión geográfica [R] Colombia
Subdivisión cronológica [R] Siglo XXI
9 (RLIN) 177411
650 ## - ASIENTO SECUNDARIO DE MATERIA - TERMINO TEMATICO [R]
Término temático o nombre geográfico como elemento de entrada [NR] Crimen organizado
Subdivisión geográfica [R] Colombia
Subdivisión cronológica [R] Siglo XXI
9 (RLIN) 177412
942 ## - ELEMENTOS DE ENTRADA AGREGADOS (KOHA)
Sistema de clasificación DEWEY
Tema principal Ciencia política
Tipo de ítem principal el descrito en 300a Libro
Edición 1
Clasificación 303.6609861
Prefijo de la signatura top. (colección) Literatura - Colombia
Parte restante de la signatura top. AV958
Título oculto en OPAC No
Existencias
Fecha de último préstamo Total préstamos Total Renewals Signatura topográfica Código de barras Última vez visto Ejemplar Costo de reposición Price effective from Tipo de ítem Perdido Sistema de clasificación Dañado No prestable Tipo de ítem específico Suprimido Ubicación habitual Ubicación actual Localización Fecha de creación Forma de adquisición Costo
05/05/2023 1 3 303.6609861 AV958 100171286 09/12/2025 Ej. 1 62000.00 05/05/2023 Libro   DEWEY     Libro   Claustro Claustro 2do piso 05/05/2023 Compra 62000.00